000 00523nam a2200193Ia 4500
999 _c11301
_d11301
003 OSt
005 20191230123739.0
008 190216s9999||||xx |||||||||||||| ||und||
020 _a9788182814264
040 _coclc
082 _a330
_bJHI/P
100 _aJhingan, M L
_9469
245 0 _aPrinciples Of Economics /
_cM L Jhingan
250 _a4th ed.
260 _bVrinda Publications,
_c2013.
_aNew Delhi:
300 _a698p
650 _aEconomics
942 _cBK
_2ddc
_h330
_iJHI/P
_k330
_mJHI/P